INFORME FINAL DEL EJERCICIO PROFESIONAL SUPERVISADO, DISEÑO DEL SISTEMA DE ABASTECIMIENTO DE AGUA POTABLE CASERÍO SEPILAPEC Y DISEÑO DEL PAVIMENTO RÍGIDO DEL TRAMO CARRETERO QUE COMUNICA LA ALDEA CUCANJÁ CON LA ALDEA EL VOLCANCITO, SAN MIGUEL TUCURÚ, ALTA VERAPAZ./ (Registro nro. 2021)

Detalles MARC
000 -LEADER
campo de control de longitud fija 03293nam a22003377a 4500
001 - NÚMERO DE CONTROL
campo de control TIC 0049
003 - IDENTIFICADOR DE NÚMERO DE CONTROL
campo de control gtcocun
005 - FECHA Y HORA DE LA ÚLTIMA TRANSACCIÓN
campo de control 20250921233246.0
006 - CÓDIGOS DE INFORMACIÓN DE LONGITUD FIJA--CARACTERÍSTICAS DEL MATERIAL ADICIONAL
campo de control de longitud fija a||||gr|||| 00| 0
007 - CAMPO FIJO DE DESCRIPCIÓN FÍSICA--INFORMACIÓN GENERAL
campo de control de longitud fija ta
008 - DATOS DE LONGITUD FIJA--INFORMACIÓN GENERAL
campo de control de longitud fija 250921b2024 gt ||||| m||| 00| 0 eng d
040 ## - FUENTE DE CATALOGACIÓN
Centro catalogador/agencia de origen gtcocun
Lengua de catalogación SPA
Centro/agencia transcriptor gtcocun
Normas de descripción RDA
041 ## - CÓDIGO DE IDIOMA
Código de lengua del texto/banda sonora o título independiente SPA TIC 0049
084 ## - OTRO NÚMERO DE CLASIFICACIÓN
Número de control del registro de autoridad o número normalizado TIC 0049
100 ## - ENTRADA PRINCIPAL--NOMBRE DE PERSONA
Nombre de persona Xitumul Cuxum, Nelson Ulises
Término indicativo de función/relación Autor
245 ## - MENCIÓN DEL TÍTULO
Título INFORME FINAL DEL EJERCICIO PROFESIONAL SUPERVISADO, DISEÑO DEL SISTEMA DE ABASTECIMIENTO DE AGUA POTABLE CASERÍO SEPILAPEC Y DISEÑO DEL PAVIMENTO RÍGIDO DEL TRAMO CARRETERO QUE COMUNICA LA ALDEA CUCANJÁ CON LA ALDEA EL VOLCANCITO, SAN MIGUEL TUCURÚ, ALTA VERAPAZ./
Mención de responsabilidad, etc. Nelson Ulises Xitumul Cuxum.
Medio Impreso
264 ## - PRODUCCIÓN, PUBLICACIÓN, DISTRIBUCIÓN, FABRICACIÓN Y COPYRIGHT
Producción, publicación, distribución, fabricación y copyright Cobán, Alta Verapaz:
Nombre del de productor, editor, distribuidor, fabricante Universidad de San Carlos de Guatemala, Centro Universitario del Norte, Ingeniería Civil
Fecha de producción, publicación, distribución, fabricación o copyright 2024
300 ## - DESCRIPCIÓN FÍSICA
Extensión 195 p.:
Otras características físicas Ilustraciones, gráficas.
Dimensiones 28 cm;
300 ## - DESCRIPCIÓN FÍSICA
Dimensiones PDF
336 ## - TIPO DE CONTENIDO
Fuente rdacontenido
Término de tipo de contenido Texto
Código de tipo de contenido txt
337 ## - TIPO DE MEDIO
Fuente rdamedio
Nombre/término del tipo de medio Computadora
Código del tipo de medio n
338 ## - TIPO DE SOPORTE
Fuente rdasoporte
Nombre/término del tipo de soporte Código en línea
Código del tipo de soporte cr
502 ## - NOTA DE TESIS
identificador de la tesis TIC 0049
502 ## - NOTA DE TESIS
Nota de tesis Tesis de grado
Tipo de título Ingeniería Civil,
Nombre de la institución que otorga el título Universidad de San Carlos de Guatemala, Centro Universitario del Norte, Ingeniería Civil
Año de obtención del título 2024
Identificador de la tesis TIC 0049
520 14 - RESUMEN, ETC.
Sumario, etc. Por medio del Ejercicio Profesional Supervisado (EPS) se diagnosticaron las<br/>necesidades en las comunidades del municipio de San Miguel Tucurú, del departamento<br/>de Alta Verapaz, se priorizaron dos de ellas, las cuales son: La falta de un sistema de<br/>abastecimiento de agua potable en el caserío Sepilapec, ubicado en la región VIII y la<br/>pavimentación del tramo carretero que va desde la aldea Cucanjá hacia la aldea El<br/>Volcancito ubicadas en la región VI del municipio. Para dar solución a las necesidades se<br/>trabajó el diseño de cada uno de los proyectos, para ello se aplicaron los conocimientos adquiridos en la etapa de formación académica y se realizaron las actividades necesarias para su ejecución.<br/>El diseño del sistema de abastecimiento de agua potable del caserío Sepilapec, se<br/>realizó con el objetivo de beneficiar directamente a la población. Para ello, se tomaron como base normas y parámetros para sistemas de agua potable de la república de Guatemala. Se consideraron aspectos como la magnitud de la población, la tasa de crecimiento, la calidad del agua, el periodo de diseño, las presiones hidrostáticas, las<br/>velocidades máximas y mínimas, entre otros.<br/>El diseño del pavimento rígido de la carretera comprendida entre las aldeas Cucanjá y Volcancito, mejorará la infraestructura vial del municipio, lo que permitirá un mejor acceso entre las comunidades cercanas y la cabecera municipal. Cabe mencionar que los<br/>resultados de ambos proyectos se presentan en este informe a través de las memorias de cálculos, planos, especificaciones técnicas, presupuestos y estudios de laboratorios.
650 14 - PUNTO DE ACCESO ADICIONAL DE MATERIA--TÉRMINO DE MATERIA
Fuente del encabezamiento o término LEMB
Término de materia o nombre geográfico como elemento de entrada San Miguel Tucurú, Alta Verapaz.
Subdivisión general Ingeniería
-- Pavimento
-- Dificultad
-- Acceso
-- Transito
-- Calidad
700 ## - ENTRADA AGREGADA--NOMBRE PERSONAL
Nombre de persona Ing. Civil Jorge Haroldo Dubón Xitumul
Término indicativo de función/relación Asesor
856 ## - LOCALIZACIÓN Y ACCESO ELECTRÓNICOS
Identificador Uniforme de Recurso <a href="https://drive.google.com/file/d/1pid2O3-6HRkbFLDwi6xBsA7zN2qWUBF2/view">https://drive.google.com/file/d/1pid2O3-6HRkbFLDwi6xBsA7zN2qWUBF2/view</a>
Texto de enlace PDF
Nota pública Un ejemplar en línea.
942 ## - ELEMENTOS DE ENTRADA SECUNDARIOS (KOHA)
Fuente de la clasificación o esquema de estantería Clasificación Decimal Dewey
Tipo de ítem Koha TESIS
Parte de la signatura que identifica el ejemplar (Parte del ítem) TIC 0049
Prefijo de la signatura Clasificación
Suprimir en OPAC No
-- TIC_0049_000000000000000
Existencias
Estatus retirado Estado de pérdida Fuente de la clasificación o esquema de estantería Estado de daño No para préstamo Colección Biblioteca de origen Biblioteca actual Ubicación en estantería Fecha de adquisición Número de inventario Total de préstamos Signatura topográfica completa Código de barras Visto por última vez Precio de reemplazo Tipo de ítem Koha
    Clasificación Decimal Dewey     tesis BIBLIOTECA- CUNOR -JOSÉ LUIS GONZALES ROSALES BIBLIOTECA- CUNOR -JOSÉ LUIS GONZALES ROSALES Colección tesis 16/09/2025 TIC 0049   TIC 0049 TIC 0049 16/09/2025 16/09/2025 TESIS